| 000 | 00637nam a2200205 i 4500 | ||
|---|---|---|---|
| 001 | 93966 | ||
| 003 | ES-MaACL | ||
| 005 | 20231229063024.0 | ||
| 007 | t| | ||
| 008 | 050426s1987 sp ||||1| spa d | ||
| 020 | _a84-7644-023-5 | ||
| 100 | 1 |
_aLópez Rubio, José, _d1903-1996 _973939 |
|
| 245 | 1 | 3 |
_aLa puerta del Ángel / _cJosé López Rubio. |
| 260 |
_aMadrid : _bAntonio Machado, _c1987. |
||
| 300 |
_a104 p. ; _c17 cm. |
||
| 490 | 1 |
_aBiblioteca Antonio Machado de teatro ; _v18 |
|
| 830 | 0 |
_aBiblioteca Antonio Machado de teatro ; _v18 _9178191 |
|
| 852 |
_aES-MaACL _jL-12546 _bR.114891 |
||
| 999 |
_c93966 _d93966 |
||